000 005080000a22001570004500
003 MACL
005 20180109125952.0
008 180109b xxu||||| |||| 00| 0 eng d
040 _cmadl
100 _aसेन ,सुधीर
_969982
245 _aविज्ञान की बातें
260 _aदिल्‍ली
_bराष्‍ट्रभाषा प्रकाशन
_c2012
350 _a175
650 _aचिल्‍ड्रन बुक
_9159
942 _cHIN
_k741.642
_2ddc
999 _c47307
_d47307